000 00385nam a22001697a 4500
005 20160530103940.0
008 160530b xxu||||| |||| 00| 0 eng d
020 _a81-7808-813-5
041 _aeng
082 _b5980
100 _aSaloman, Michael R
_91490
245 _aConsumer, Behaviour
260 _bPearsons
_c2003
300 _a525
650 _aManagement
_9241
942 _cBK
999 _c2109
_d2108